=LDR 00000nam 2200000 4500 =001 NUTBA000000000004250 =005 20140909085628.0 =006 =007 =008 =035 ##$$a 0010-091400000000283 =040 ##$$a NBPDMAT =082 ##$$a 540.76 =090 ##$$a 540.76 $b Ind k =100 ##$$a Indra Nafiyanto =245 ##$$a Kimia untuk SMA/MA kelas XII / $c penulis, Indra Nafiyanto =250 ##$$a Cet. 1 =260 ##$$a Sukoharjo : $b Cu Sin Dunata, $c 2010 =300 ##$$a 144 hlm. : $b ilus. ; $c 27 cm. =650 ##$$a Kimia SMA-Soal dsb =990 ##$$a 21411007